| 000 | 01174nac a22002171u 4500 | ||
|---|---|---|---|
| 010 | _a 2001030518 | ||
| 020 | _a0073659355 | ||
| 082 | 0 | 0 |
_a620.112 _bB4151 |
| 090 |
_c4484 _d4484 |
||
| 100 | _aBeer, Ferdinand Pierre | ||
| 245 | 1 | 0 |
_aMechanics of materials / _cFerdinand P. Beer, E. Russell Johnston, Jr., John T. DeWolf. |
| 250 | _a3rd ed. | ||
| 260 |
_aNew York : _bMcGraw-Hill,2002 _c2002. |
||
| 300 |
_axix, 788 p. : _bcol.ill. ; _c27 cm. + _e1 computer optical disc (4 3/4 in.) |
||
| 538 | _aSystem requirements: Windows 98, ME, NT 4.0 or 2000; Pentium 200 MHz or better; 64 MB or higher RAM; 640x480x256 color; Microsoft compatible pointing device; QuickTime 4.0 or newer; 2X or higher CD-ROM. Mac OS 9.1 or later; 200 MHz or better processor; 64 MB or higher RAM; 640x480x256 color monitor; mouse; QuickTime 4.0 or newer 2X CD-ROM. | ||
| 650 | 0 | _aStrength of materials. | |
| 700 | 1 |
_aJohnston, E. Russell _q(Elwood Russell), _d1925- |
|
| 700 | 1 | _aDeWolf, John T. | |
| 942 |
_cBB _k620.112B4151 |
||
| 999 |
_c4484 _d4484 |
||